Analysis and design of high-rise concrete buildings / (Record no. 549059)
[ view plain ]
| 000 -LEADER | |
|---|---|
| fixed length control field | 00814cam a2200193 i 4500 |
| 082 ## - DEWEY DECIMAL CLASSIFICATION NUMBER | |
| Classification number | 693.5 |
| Author Mark | ANA |
| -- | L-19, P-101 |
| 245 00 - TITLE STATEMENT | |
| Title | Analysis and design of high-rise concrete buildings / |
| Statement of responsibility, etc. | American Concrete Institute ; Jaime Moreno, editor. |
| 260 ## - PUBLICATION, DISTRIBUTION, ETC. | |
| Place of publication, distribution, etc. | Detroit, Mich. : |
| Name of publisher, distributor, etc. | The Institute, |
| Date of publication, distribution, etc. | c1985. |
| 300 ## - PHYSICAL DESCRIPTION | |
| Extent | v, 330 p. : |
| Other physical details | ill. ; |
| Dimensions | 28 cm. |
| 490 1# - SERIES STATEMENT | |
| Series statement | SP ; |
| 500 ## - GENERAL NOTE | |
| General note | Papers originally presented as an evening course and seminar at the University of Illinois in Chicago; later presented in a one-day technical session at the ACI Chicago convention, 1985. |
| 526 ## - STUDY PROGRAM INFORMATION NOTE | |
| Program name | 0 |
| Interest level | 0 |
| Reading level | 0 |
| Title point value | 693_500000000000000_ANA |
| 650 #0 - SUBJECT ADDED ENTRY--TOPICAL TERM | |
| Topical term or geographic name entry element | Concrete construction |
| 650 #0 - SUBJECT ADDED ENTRY--TOPICAL TERM | |
| Topical term or geographic name entry element | MCE |
| 9 (RLIN) | 379 |
| 650 #0 - SUBJECT ADDED ENTRY--TOPICAL TERM | |
| Topical term or geographic name entry element | Skyscrapers |
| General subdivision | Design |
| 9 (RLIN) | 45580 |
| 700 1# - ADDED ENTRY--PERSONAL NAME | |
| Personal name | Moreno, Jaime. |
| 9 (RLIN) | 45581 |
| 710 2# - ADDED ENTRY--CORPORATE NAME | |
| Corporate name or jurisdiction name as entry element | American Concrete Institute. |
| 9 (RLIN) | 37057 |
| 942 ## - ADDED ENTRY ELEMENTS (KOHA) | |
| Source of classification or shelving scheme | |
| Koha item type | Book |
| Withdrawn status | Lost status | Source of classification or shelving scheme | Damaged status | Not for loan | Permanent Location | Current Location | Date acquired | Total Checkouts | Full call number | Barcode | Date last seen | Price effective from | Koha item type |
|---|---|---|---|---|---|---|---|---|---|---|---|---|---|
| Military College of Engineering (MCE) | Military College of Engineering (MCE) | 09/16/2014 | 693.5 ANA | MCE-26373 | 09/16/2014 | 09/16/2014 | Book |
